Estadísticas para Resultados de la Copa Mundial de Fútbol de 2010

Haz click aquí para tomar la prueba!

Estadísticas generales

  • Esta prueba ha sido tomada 143 veces
  • La puntuación promedio es 25 de 32

Estadísticas de respuestas

Nation % Correcto
España
100%
Francia
100%
Brasil
99%
Uruguay
98%
Países Bajos
98%
Alemania
97%
Argentina
97%
Chile
94%
Italia
94%
Portugal
93%
Suiza
90%
Sudáfrica
90%
Paraguay
90%
México
90%
Inglaterra
86%
Estados Unidos
83%
Japón
83%
Nigeria
82%
Corea del Sur
82%
Australia
80%
Ghana
77%
Camerún
74%
Honduras
70%
Corea del Norte
68%
Grecia
65%
Serbia
58%
Costa de Marfil
57%
Nueva Zelanda
53%
Dinamarca
51%
Eslovenia
50%
Eslovaquia
44%
Argelia
41%

Distribución de puntuación

Porcentaje por número respondido

Porcentaje de gente con cada puntuación

Historial de tus puntuaciones

No has tomado esta prueba